El pequeño vampiro y el paciente misterioso / (Registro nro. 11857)

Detalles MARC
000 -LIDER
fixed length control field 01378cam a2200385 i 4500
001 - NÚMERO DE CONTROL
Identificador de número de control 000663
003 - IDENTIFICACDOR DE NÚMERO DE CONTROL
control field DO-SdBNP
005 - DATE AND TIME OF LATEST TRANSACTION
control field 20180209102701.0
007 - CAMPOS FIJOS DE DESCRIPCIÓN FÍSICA
fixed length control field 000663
008 - ELEMENTOS DE LONGITUD FIJA
fixed length control field 161108b 1995 sp a ||||| |||| 00| 0 spa d
015 ## - NÚMERO DENTRO DE LA BIBLIOGRAFÍA NACIONAL
National bibliography number
017 ## - NÚMERO DE REGISTRO DE DERECHOS DE AUTOR
Copyright or legal deposit number
Assigning agency
020 ## - ISBN
International Standard Book Number 8420443980
035 ## - NÚMERO LOCAL
System control number
040 ## - FUENTE DE CATALOGACIÓN
Agencia que crea de manera original el registro BPMSU
Idioma de catalogación spa
Agencia que realiza la transcripción BPMSU
Convenciones de la despripción
080 ## - NÚMERO DE CLASIFICACIÓN DECIMAL UNIVERSAL
Universal Decimal Classification number
100 1# - ASIENTO PRINCIPAL -- NOMBRE PERSONAL
Nombre personal Sommer-Bodenburg, Angela,
Fechas asociadas con el nombre 1948-
240 1# - TITULO UNIFORME
Título uniforme Anton und der kleine vampir der geheimnisvolle patient.
Idioma de una obra Español
245 10 - MENCIÓN DE TITULO
Título El pequeño vampiro y el paciente misterioso /
Mención de responsabilidad Angela Sommer-Bodenburg ; traducción de José Miguel Rodríguez Clemente ; ilustraciones de Magdalene Hanke-Basfeld
Medio (Designación general de material)
250 ## - MENCIÓN DE EDICION
Mención de edición 4ª reimp.
260 ## - PUBLICACIÓN, DISTRIBUCIÓN, ETC. (PIE DE IMPRENTA)
Lugar de publicación, distribución, etc Madrid :
Nombre del editor, distribuidor, etc. Alfaguara,
Fecha de publicación, distribución, etc 1995.
300 ## - DESCRIPCIÓN FÍSICA
Extensión 190 p. :
Otros detalles físicos il. ;
Dimensiones 20 cm.
490 1# - MENCIÓN DE SERIES
Mención de serie Alfaguara infantil
500 ## - NOTA GENERAL
Nota general Para niños a partir de los 10 años.<br/> <br/>
500 ## - NOTA GENERAL
Nota general Cuarta reimpresión: octubre 1995
500 ## - NOTA GENERAL
Nota general Incluye datos del autor en la solapa de la contracubierta.
500 ## - NOTA GENERAL
Nota general Traducción de: Anton und der kleine Vampir der geheimnisvolle Patient
521 ## - TARGET AUDIENCE NOTE
Target audience note A partir de los 10 años.
700 12 - ASIENTO SECUNDARIO -- NOMBRE PERSONAL
Nombre personal Rodríguez Clemente, José Miguel,
Mención de responsabilidad tr.
700 12 - ASIENTO SECUNDARIO -- NOMBRE PERSONAL
Nombre personal Hanke-Basfeld, Magdalene,
Mención de responsabilidad il.
830 #0 - ASIENTO SECUNDARIO DE SERIE--TÍTULO UNIFORME
Título uniforme Alfaguara infantil
942 ## - ADDED ENTRY ELEMENTS (KOHA)
Source of classification or shelving scheme Dewey Decimal Classification
Koha item type Libros
945 ## - INFORMACIÓN DE PROCESAMIENTO LOCAL
Información de procesamiento local Inventariado, 2018/MFF
956 ## - LOCAL ELECTRONIC LOCATION AND ACCESS (OCLC)
Nombre de host LOPEREZ
Campo enlazado y núm. de secuencia 10
Información de compresión BPMSU
Método de acceso 20161108
Materiales especificados 00041
Existencias
Withdrawn status Lost status Source of classification or shelving scheme Damaged status Not for loan Collection code Home library Current library Date acquired Source of acquisition Total Checkouts Barcode Date last seen Price effective from Koha item type
    Dewey Decimal Classification     Colección Infantil General Biblioteca Pública Metropolitana Salomé Ureña Biblioteca Pública Metropolitana Salomé Ureña 11/08/2016 Donación   BPMSU16111116 11/08/2016 11/08/2016 Libros